000 00726nam a2200253Ia 4500
003 OSt
005 20220928102342.0
006 a|||||r|||| 00| 0
007 ta
008 220927b |||||||| |||| 00| 0 hin d
020 _cINR 400.00
024 _a137220
037 _b90, 21/02/2018, Kiran Book Service
_cTextual
040 _aSDCL
_cSDCL
_bhin
041 _2hin
_ahin
082 _aO152.1N31x, Q7
100 _aElia Jon
_9397879
245 0 _aMain jo hoon,'Jon Elia' hoon
260 _aNew Delhi
_bVani Prakashan
_c2017
300 _a155p.
_ccm.
650 _aHindi
_9391598
942 _hO152.1N31x, Q7
_cTEXL
_2CC
999 _c713700
_d713700